|
|
|
|
| LEADER |
03614nam a2200577 4500 |
| 001 |
978-3-540-45046-7 |
| 003 |
DE-He213 |
| 005 |
20191024122514.0 |
| 007 |
cr nn 008mamaa |
| 008 |
121227s2000 gw | s |||| 0|eng d |
| 020 |
|
|
|a 9783540450467
|9 978-3-540-45046-7
|
| 024 |
7 |
|
|a 10.1007/3-540-45046-7
|2 doi
|
| 040 |
|
|
|d GrThAP
|
| 050 |
|
4 |
|a QA76.758
|
| 072 |
|
7 |
|a UMZ
|2 bicssc
|
| 072 |
|
7 |
|a COM051230
|2 bisacsh
|
| 072 |
|
7 |
|a UMZ
|2 thema
|
| 072 |
|
7 |
|a UL
|2 thema
|
| 082 |
0 |
4 |
|a 005.1
|2 23
|
| 245 |
1 |
0 |
|a Reflection and Software Engineering
|h [electronic resource] /
|c edited by Walter Cazzola, Robert J. Stroud, Francesco Tisato.
|
| 250 |
|
|
|a 1st ed. 2000.
|
| 264 |
|
1 |
|a Berlin, Heidelberg :
|b Springer Berlin Heidelberg :
|b Imprint: Springer,
|c 2000.
|
| 300 |
|
|
|a X, 234 p.
|b online resource.
|
| 336 |
|
|
|a text
|b txt
|2 rdacontent
|
| 337 |
|
|
|a computer
|b c
|2 rdamedia
|
| 338 |
|
|
|a online resource
|b cr
|2 rdacarrier
|
| 347 |
|
|
|a text file
|b PDF
|2 rda
|
| 490 |
1 |
|
|a Lecture Notes in Computer Science,
|x 0302-9743 ;
|v 1826
|
| 505 |
0 |
|
|a Reflection and Software Engineering Foundations -- Shifting Up Reflection from the Implementation to the Analysis Level -- Towards a True Reflective Modeling Scheme -- Reflective Software Adaptability and Evolution -- Declarable Modifiers: A Proposal to Increase the Efficacy of Metaclasses -- Managing Evolution Using Cooperative Designs and a Reflective Architecture -- Reflective Middleware -- The Role of Reflective Middleware in Supporting the Engineering of Dynamic Applications -- Active Network Service Management Based on Meta-level Architectures -- Engineering Java-Based Reflective Languages -- OpenJava: A Class-Based Macro System for Java -- OpenJIT Frontend System: An Implementation of the Reflective JIT Compiler Frontend -- Kava - A Reflective Java Based on Bytecode Rewriting -- Dynamic Reconguration through Reflection -- Using Reflection to Support Dynamic Adaptation of System Software: A Case Study Driven Evaluation -- On the Integration of Configuration and Meta-level Programming Approaches -- Carp@ - A Reflection Based Tool for Observing Jini Services.
|
| 650 |
|
0 |
|a Software engineering.
|
| 650 |
|
0 |
|a Computer programming.
|
| 650 |
|
0 |
|a Computer logic.
|
| 650 |
|
0 |
|a Programming languages (Electronic computers).
|
| 650 |
1 |
4 |
|a Software Engineering/Programming and Operating Systems.
|0 http://scigraph.springernature.com/things/product-market-codes/I14002
|
| 650 |
2 |
4 |
|a Software Engineering.
|0 http://scigraph.springernature.com/things/product-market-codes/I14029
|
| 650 |
2 |
4 |
|a Programming Techniques.
|0 http://scigraph.springernature.com/things/product-market-codes/I14010
|
| 650 |
2 |
4 |
|a Logics and Meanings of Programs.
|0 http://scigraph.springernature.com/things/product-market-codes/I1603X
|
| 650 |
2 |
4 |
|a Programming Languages, Compilers, Interpreters.
|0 http://scigraph.springernature.com/things/product-market-codes/I14037
|
| 700 |
1 |
|
|a Cazzola, Walter.
|e editor.
|4 edt
|4 http://id.loc.gov/vocabulary/relators/edt
|
| 700 |
1 |
|
|a Stroud, Robert J.
|e editor.
|4 edt
|4 http://id.loc.gov/vocabulary/relators/edt
|
| 700 |
1 |
|
|a Tisato, Francesco.
|e editor.
|4 edt
|4 http://id.loc.gov/vocabulary/relators/edt
|
| 710 |
2 |
|
|a SpringerLink (Online service)
|
| 773 |
0 |
|
|t Springer eBooks
|
| 776 |
0 |
8 |
|i Printed edition:
|z 9783662169001
|
| 776 |
0 |
8 |
|i Printed edition:
|z 9783540677611
|
| 830 |
|
0 |
|a Lecture Notes in Computer Science,
|x 0302-9743 ;
|v 1826
|
| 856 |
4 |
0 |
|u https://doi.org/10.1007/3-540-45046-7
|z Full Text via HEAL-Link
|
| 912 |
|
|
|a ZDB-2-SCS
|
| 912 |
|
|
|a ZDB-2-LNC
|
| 912 |
|
|
|a ZDB-2-BAE
|
| 950 |
|
|
|a Computer Science (Springer-11645)
|